|
|
|
|
| LEADER |
00000nas a2200000 a 4500 |
| 001 |
ssj0000529658 |
| 003 |
WaSeSS |
| 005 |
20200512172242.0 |
| 006 |
m d |
| 007 |
cr n |
| 008 |
090218u2004uuuupo ar s 0 0por c |
| 010 |
|
|
|a 2009252894
|
| 035 |
|
|
|a (WaSeSS)ssj0000529658
|
| 040 |
|
|
|a AU@
|b eng
|c AU@
|d WAU
|d OCLCQ
|d OCLCF
|d OCLCO
|d OCLCQ
|d WaSeSS
|
| 041 |
0 |
|
|a por
|a eng
|
| 042 |
|
|
|a pcc
|
| 050 |
1 |
4 |
|a PS1
|
| 245 |
0 |
0 |
|a Via panorâmica
|h [electronic resource] :
|b revista de estudos anglo-americanos.
|
| 260 |
|
|
|a [Porto] :
|b Departamento de Estudos Anglo-Americanos da Faculdade de Letras do Porto
|
| 362 |
1 |
|
|a Began with: 1 (2004).
|
| 506 |
|
|
|a License restrictions may limit access.
|
| 546 |
|
|
|a Articles in Portuguese and English.
|
| 588 |
|
|
|a Description based on: 1 (2004); title from PDF title page (publisher's Web site, viewed Aug. 18, 2009).
|
| 588 |
|
|
|a Latest issue consulted: 2 (2005) (viewed Aug. 18, 2009).
|
| 650 |
|
0 |
|a American literature
|x History and criticism
|v Periodicals.
|
| 650 |
|
0 |
|a English literature
|x History and criticism
|v Periodicals.
|
| 650 |
|
0 |
|a English language
|v Periodicals.
|
| 650 |
|
7 |
|a American literature.
|2 fast
|0 (OCoLC)fst00807113
|
| 650 |
|
7 |
|a English language.
|2 fast
|0 (OCoLC)fst00910920
|
| 650 |
|
7 |
|a English literature.
|2 fast
|0 (OCoLC)fst00911989
|
| 655 |
|
0 |
|a Electronic journals.
|
| 710 |
2 |
|
|a Universidade do Porto.
|b Departamento de Estudos Anglo-Americanos.
|
| 776 |
0 |
8 |
|i Print version:
|t Via panorâmica
|x 1645-9652
|w (OCoLC)173716849
|
| 856 |
4 |
0 |
|z Full text available from Research Library: 01/01/2015 to present
|u https://search.proquest.com/publication/3882647
|